000 01270nam a2200361Ii 4500
001 DIGUNINOR0027
003 NyNyDIG
006 m o d
007 cr |||||||||||
008 130701s2009 ck ob 000 0 spa d
020 _z9789587410204
020 _z9587410203
035 _a(OCoLC)888283478
040 _aDGITA
_beng
_epn
_cDGITA
043 _as-ck---
050 1 4 _aLB2343 eBook
100 1 _aLlinás González, Evelyn Cecilia.
245 1 3 _aLa orientación académica desde el bienestar universitario /
_cEvelyn Cecilia Llinás González.
264 1 _aBarranquilla, Colombia :
_bEdiciones Uninorte,
_c2009.
300 _a1 online resource (x, 156 pages)
336 _atext
_btxt
_2rdacontent
337 _acomputer
_bc
_2rdamedia
338 _aonline resource
_bcr
_2rdacarrier
504 _aIncludes bibliographical references (p. 153-156).
650 0 _aCounseling in higher education
_zColombia.
650 0 _aVocational guidance
_zColombia.
655 0 _aElectronic books.
791 2 _aDigitalia (Firm),
_edistributor.
793 0 _gDigitalia eBook Collection:
_aEdiciones Uninorte.
856 4 0 _3Digitalia Hispánica
_uhttps://www.digitaliapublishing.com/a/10101/
910 _aPremium Collection: 2007-2012
942 _cRAA
999 _c232360
_d232360